Score 0/12 Timer 02:00
26 Plays Today
% Correct
Brasília, Brazil
96.6%
Buenos Aires,
Argentina
92.6%
Santiago,
Chile
89%
Lima,
Peru
87.5%
Bogotá,
Colombia
82.7%
Caracas,
Venezuela
82.2%
Quito, Ecuador
79.8%
La Paz,
Bolivia
78.7%
Montevideo, Uruguay
77.5%
Asunción,
Paraguay
74.6%
Georgetown, Guyana
73.7%
Paramaribo, Suriname
69.2%
Remove Ads.
Support Sporcle.
Get the best of Sporcle when you Go Orange. This ad-free experience offers more features, more stats, and more fun while also helping to support Sporcle. Thank you for becoming a member.

You're not logged in!

Compare scores with friends on all Sporcle quizzes.
OR
Log In

Show Comments

Extras

Top Quizzes Today


Score Distribution

Your Account Isn't Verified!

In order to create a playlist on Sporcle, you need to verify the email address you used during registration. Go to your Sporcle Settings to finish the process.

Report this User

Report this user for behavior that violates our Community Guidelines.

Details: